|
|
|
|
| LEADER |
00000nam a2200000 a 4500 |
| 001 |
vtls001114535 |
| 003 |
SK-MaSNL |
| 005 |
20260302091034.0 |
| 008 |
250414s1979 xo 0 slo |
| 015 |
|
|
|a SNBA1979
|
| 035 |
|
|
|a SNK000057378
|
| 040 |
|
|
|a SNK
|b slo
|c SNK
|e AACR2
|
| 041 |
0 |
|
|a slo
|
| 044 |
|
|
|a xo
|c SK
|
| 080 |
|
|
|a 598.2/.9(437.6)(035.3)
|2 1981
|
| 100 |
1 |
|
|a Ferianc, Oskár,
|d 1905-1987
|4 aut
|9 92182
|
| 245 |
1 |
0 |
|a Vtáky Slovenska 2
|c Oskar Ferianc ; J. Sládek, Jozef Ponec, J. Vlach, Viera Miková, František Šubín
|
| 250 |
|
|
|a 2. preprac. vyd.
|
| 260 |
|
|
|a Bratislava
|b Veda
|c 1979
|e Martin
|f Tlačiarne SNP
|
| 300 |
|
|
|a 488 s., 38,39 AH
|b Tb. Mp.
|c 25 cm
|
| 366 |
|
|
|e 3000 výtl.
|
| 500 |
|
|
|a Lit. 473. Fareb. fot. na front. Opr. Rus. a nem. res. Reg. 473 zázn. lit. o knihách, čl., zbor., závereč. a diz. prácach v jaz. slov., čes., nem., angl., franc., maď. a poľ.
|
| 700 |
1 |
|
|a Sládek, J.
|4 bkd
|9 444438
|
| 700 |
1 |
|
|a Ponec, Jozef,
|d 1918-2006
|4 bkd
|9 113990
|
| 700 |
1 |
|
|a Vlach, J.
|4 bkd
|9 338086
|
| 700 |
1 |
|
|a Miková, Viera
|4 bkd
|9 343569
|
| 700 |
1 |
|
|a Šubín, František
|4 bkd
|9 269273
|
| 852 |
|
|
|a Slovenská národná knižnica
|
| 954 |
|
|
|a vtáky
|a ornitológia
|
| 958 |
|
|
|a OND
|
| 958 |
|
|
|a [NB473]
|
| 958 |
|
|
|a NB
|
| 958 |
|
|
|a TL
|
| 999 |
|
|
|c 1198991
|d 1200921
|
| 952 |
|
|
|a SNK
|b SNK
|y PREZ
|7 0
|p 17A0980904
|o snkSC 42074/2
|0 0
|1 0
|4 0
|d 2013-08-16
|l 0
|r 2025-10-17 00:00:00
|w 2026-02-24
|
| 952 |
|
|
|t snkFER/2 598.2(437.6)
|a SNKUST
|b SNKUST
|y PREZ
|7 0
|p 17A0053529
|o snkSC 42074/2 D1
|0 0
|1 0
|4 0
|d 1997-03-12
|l 0
|r 2025-03-19 00:00:00
|w 2026-02-24
|